000
00305nam a22001337a 4500
008
170807b xxu||||| |||| 00| 0 eng d
020
_a
9780805317558
041
_a
eng
080
_2
3RD
_a
004
100
_a
33
101
_a
SHKI
245
_a
FUNDAMENTALS OF DATABASE SYSTEMS
_c
ELMASRI
942
_2
udc
_c
BK
999
_c
22791
_d
22791